Morocco National Football Team - Statistics

General Stats
  • This quiz has been taken 386 times
    90 since last reset
  • The average score is 5 of 19
Answer Stats
Goals Caps Player % Correct
11 93 Achraf Hakimi
97%
0 87 Yassine Bounou
77%
25 64 Hakim Ziyech
75%
25 92 Youssef En-Nesyri
53%
3 86 Romain Saïss
39%
20 54 Ayoub El Kaabi
35%
16 64 Youssouf Hadji
31%
18 65 Marouane Chamakh
22%
4 115 Noureddine Naybet
21%
36 94 Ahmed Faras
17%
16 46 Youssef El-Arabi
16%
27 59 Salaheddine Bassir
8%
12 78 Houssine Kharja
6%
8 79 Youssef Safri
4%
0 78 Ezzaki Badou
3%
19 48 Abdeljalil Hadda
1%
2 76 Abdelmajid Dolmy
1%
17 35 Abdeslam Laghrissi
1%
18 39 Hassan Amcharrat
1%
No matching quizzes found
Score Distribution
Percent of People with Each Score
Percentile by Number Answered
Your Score History
You have not taken this quiz since the last reset